00712nam a2200241Ia 4500008004000000041000800040082001200048100000600060245008500066260003600151300000700187650001300194650000900207650001500216650001200231650001500243650001100258650001300269690002200282906001100304999001900315952013600334210210b1927 xxu||||| |||| 00| 0 eng d aeng a320/662 a- aLeague of nations and the protection of minorities of race language and religion aGenevabLeague of Nationsc1927 a78 areligion arace aprotection anations aminorities aLeague alanguage aPolitical Science a003293 c120927d120927 001040748Political ScienceaALbALcPolitical Scienced2021-02-17g0.00l0o320/662p003293r2021-02-17 00:00:00w2021-02-17yBK